Quiz carriere joueur niveau difficile #1 - Statistiques

Statistiques générales
  • Ce quiz a été pris 39 fois
  • Le résultat moyen est 2 sur 6
Statistiques - réponses
Hint Réponse % Correct
1. AS Roma2. RB Leipzig 3. Bayer Leverkusen Patrik Schick
72%
1. Juventus2. Genoa 3. Tottenham Radu Dragusin
42%
1. Nordsjaelland 2.Celta Vigo 3. SCC Naples Stanislav Lobotka
33%
1. Manchester City2. Fiorentina 3. Atletico Madrid Stefan Savic
17%
1. Liverpool2. RB Salzburg 3. RB Leipzig Peter Gulacsi
11%
1. Slavia Prague2. Wuhan Three Towns 3. FC Damac Nicolae Stanciu
3%
Aucun quiz correspondant
Distribution des résultats
% des personnes avec chaque résultat
Percentile par nombre de réponses
Votre historique - résultats
Vous n’avez pas pris ce quiz